High-growth enterprises what governments can do to make a difference

Salvato in:
Dettagli Bibliografici
Natura: Libro
Lingua:inglese
Pubblicazione: Paris OECD 2010
Serie:OECD studies on SMEs and entrepreneurship
Soggetti:
Tags: Aggiungi Tag
Nessun Tag, puoi essere il primo ad aggiungerne!!

MARC

LEADER 00000nam a2200000 4500
001 0127030
005 20240315120722.5
020 |a 978-92-64-09597-7 
041 0 |a eng 
044 |a FR 
245 1 0 |a High-growth enterprises  |b what governments can do to make a difference 
264 1 |a Paris  |b OECD  |c 2010 
300 |a 234 s. 
490 1 |a OECD studies on SMEs and entrepreneurship 
830 0 |a OECD studies on SMEs and entrepreneurship 
610 2 0 |a podnikanie 
610 2 0 |a podnik malý 
610 2 0 |a podnik stredný 
610 2 0 |a rast podniku 
610 2 0 |a štúdie prípadové 
610 2 0 |a inovácia 
610 2 0 |a manažment 
610 2 0 |a riadenie podnikové 
610 2 0 |a výkony podnikové 
610 2 0 |a rozvoj podniku 
610 2 0 |a údaje štatistické 
610 2 0 |a porovnanie medzinárodné